[Event "10th Eksjo it group B"]
[Site "Eksjo SWE"]
[Date "1982.??.??"]
[Round "8"]
[White "Iskov, Gert"]
[Black "Rothen, Hakan"]
[Result "1/2-1/2"]
[WhiteElo "2345"]
[BlackElo "2220"]
[EventDate "1982.08.18"]
[PlyCount "39"]

1. e4 c5 2. Nc3 Nc6 3. Nf3 Nf6 4. Bb5 Nd4 5. e5 Nxb5 6. Nxb5 Nd5 7. O-O Nc7 8. Nxc7+ Qxc7 9. d4 cxd4 10. Qxd4 e6 11. Rd1 b6 12. Rd3 Qc5 13. Qf4 Qxc2 14. Ne1 Qe2 15. Re3 Qh5 16. Bd2 Qf5 17. Qg3 Bb7 18. Rc1 h5 19. Nf3 Qg4 20. Qxg4 1/2-1/2

[Event "10th Eksjo it group B"]
[Site "Eksjo SWE"]
[Date "1982.??.??"]
[Round "8"]
[White "Lekander, Rolf"]
[Black "Martorelli, Antonio"]
[Result "1/2-1/2"]
[WhiteElo "2285"]
[BlackElo "2270"]
[EventDate "1982.08.18"]
[PlyCount "83"]

1. Nf3 Nf6 2. c4 g6 3. g3 Bg7 4. Bg2 O-O 5. O-O d6 6. d4 Nbd7 7. Nc3 e5 8. Qc2 Re8 9. Rd1 e4 10. Ng5 e3 11. fxe3 Nb6 12. e4 h6 13. Nf3 Nxc4 14. e5 Nd7 15. Nd5 Ndb6 16. Nh4 c6 17. Nxb6 Nxb6 18. a4 dxe5 19. a5 Nd5 20. dxe5 Qe7 21. Ra4 Be6 22. Bd2 Qc7 23. Nf3 a6 24. Qc1 g5 25. h4 g4 26. Nd4 h5 27. Nxe6 fxe6 28. e4 Ne7 29. Bh6 Red8 30. Rad4 Rxd4 31. Rxd4 Ng6 32. Rd6 Bxe5 33. Rxe6 Qf7 34. Qc4 Kh7 35. Bf4 Re8 36. Rxc6 Qxc4 37. Rxc4 Nxf4 38. gxf4 Bxf4 39. Rb4 Re7 40. e5 Bxe5 41. Rxb7 Rxb7 42. Bxb7 1/2-1/2

[Event "10th Eksjo it group B"]
[Site "Eksjo SWE"]
[Date "1982.??.??"]
[Round "9"]
[White "Kovacs, Laszlo"]
[Black "Iskov, Gert"]
[Result "1-0"]
[WhiteElo "2320"]
[BlackElo "2345"]
[EventDate "1982.08.18"]
[PlyCount "55"]

1. e4 c5 2. Nf3 d6 3. Nc3 a6 4. d4 cxd4 5. Nxd4 Nf6 6. Be2 e6 7. Be3 Qc7 8. a4 b6 9. f4 Bb7 10. Bf3 Nbd7 11. f5 e5 12. Nde2 Nc5 13. Ng3 Be7 14. O-O O-O 15. Qd2 Rac8 16. Nd5 Nxd5 17. exd5 Rfe8 18. f6 Bxf6 19. Bg4 Be7 20. Bxc8 Qxc8 21. Ra3 g6 22. Bh6 Bh4 23. Raf3 f6 24. c4 Bxg3 25. hxg3 Ne4 26. Qe2 Qc5+ 27. Kh2 f5 28. Qxe4 1-0

[Event "10th Eksjo it group B"]
[Site "Eksjo SWE"]
[Date "1982.??.??"]
[Round "9"]
[White "Martorelli, Antonio"]
[Black "Hakki, Imad"]
[Result "0-1"]
[WhiteElo "2270"]
[BlackElo "2310"]
[EventDate "1982.08.18"]
[PlyCount "64"]

1. e4 c5 2. Nf3 d6 3. d4 cxd4 4. Nxd4 Nf6 5. Nc3 g6 6. Be2 Bg7 7. O-O O-O 8. Nb3 Nc6 9. f4 b5 10. Bf3 Qb6+ 11. Kh1 b4 12. Nd5 Nxd5 13. exd5 Na5 14. Nxa5 Qxa5 15. Re1 Qc7 16. a3 bxa3 17. Rxa3 Bf5 18. c3 h5 19. h3 h4 20. Be3 Rfb8 21. Qa1 a5 22. Bf2 Bf6 23. Re2 Rb5 24. Bd4 Bxd4 25. cxd4 Qb6 26. Qe1 Rxb2 27. Qxh4 Rxe2 28. Bxe2 Qb2 29. Bg4 Bxg4 30. Re3 Bf5 31. Rxe7 Qxd4 32. Kh2 a4 0-1

[Event "10th Eksjo it group B"]
[Site "Eksjo SWE"]
[Date "1982.??.??"]
[Round "9"]
[White "Orseth, Dag"]
[Black "Lekander, Rolf"]
[Result "1/2-1/2"]
[WhiteElo "2280"]
[BlackElo "2285"]
[EventDate "1982.08.18"]
[PlyCount "25"]

1. Nf3 c5 2. c4 Nc6 3. Nc3 g6 4. g3 Bg7 5. Bg2 e5 6. O-O Nge7 7. a3 d6 8. Rb1 a5 9. d3 O-O 10. Ne1 Bg4 11. Nc2 Qd7 12. b4 axb4 13. axb4 1/2-1/2

[Event "10th Eksjo it group B"]
[Site "Eksjo SWE"]
[Date "1982.??.??"]
[Round "9"]
[White "Rothen, Hakan"]
[Black "Andruet, Gilles"]
[Result "0-1"]
[WhiteElo "2220"]
[BlackElo "2395"]
[EventDate "1982.08.18"]
[PlyCount "50"]

1. e4 c5 2. Nf3 e6 3. d4 cxd4 4. Nxd4 Nf6 5. Nc3 d6 6. g3 Nc6 7. Bg2 Bd7 8. O-O Be7 9. b3 a6 10. Bb2 Rc8 11. Nce2 b5 12. Nxc6 Bxc6 13. Nd4 Bxe4 14. Bxe4 Nxe4 15. Qg4 Nc3 16. Rfe1 O-O 17. Qf3 Nd5 18. Rad1 Bf6 19. c4 bxc4 20. bxc4 Rxc4 21. Nxe6 fxe6 22. Rxe6 Bxb2 23. Qxd5 Rc5 24. Qb7 Qc8 25. Qb3 Rb5 0-1